| 000 | 01096cam a2200241 4500 | ||
|---|---|---|---|
| 001 | ABS68435 | ||
| 008 | 041125n2004 000 0 eng u | ||
| 035 | _a(Sirsi) u128156 | ||
| 100 | _aPearson, A. | ||
| 245 | 4 | _aThe secret epidemic | |
| 260 | _c2004 | ||
| 490 |
_aBuilding _v269(8358) 19 November 2004, 36-42(6) |
||
| 520 | _aGives details of health and safety activities on building sites in the context of the latest HSE project to improve the death and injury rate on construction sites. This pilot project is starting by targeting smaller firms but could be scaled up to cover all construction businesses. Includes tips on dealing with postaccident trauma with advice such as every organisation having a clear set of policies and procedures to safeguard the physical and psychological wellbeing of the workforce. | ||
| 590 | _aABS | ||
| 590 | _aABS | ||
| 650 | _aCONSTRUCTION SITES | ||
| 650 | _aCONSTRUCTION SAFETY | ||
| 650 | _aHEALTH AND SAFETY EXECUTIVE | ||
| 650 | _aHSE PROJECT | ||
| 650 | _aPOST ACCIDENT TRAUMA | ||
| 690 |
_aHEALTH AND SAFETY _96244 |
||
| 942 | _n0 | ||
| 999 |
_c118382 _d118382 |
||